Κατάλογος Βιβλιοθηκών Mediterranean College

Financial Management and Policy / Third Edition (Record no. 827)

MARC details
000 -LEADER
fixed length control field 02374cam a22002174a 4500
005 - ΗΜΕΡΟΜΗΝΙΑ ΚΑΙ ΩΡΑ ΤΕΛΕΥΤΑΙΑΣ ΕΝΗΜΕΡΩΣΗΣ
Πεδίο ελέγχου 20250605163947.0
008 - FIXED-LENGTH DATA ELEMENTS--GENERAL INFORMATION
Πεδίο ελέγχου σταθερού μήκους 250528s ||||||||||||||||||||||||d
035 ## - SYSTEM CONTROL NUMBER
System control number 15234
020 ## - ISBN
ISBN 133153746
040 ## - ΠΗΓΗ ΚΑΤΑΛΟΓΟΓΡΑΦΗΣΗΣ
Φορέας πρωτότυπης καταλογογράφησης MC Athens Campus Library
Γλώσσα καταλογογράφησης Ελληνικά, Μοντέρνα (1453-)
Modifying agency MC Athens Campus Library
Κανόνες περιγραφικής καταλογογράφησης AACR2
245 1# - ΤΙΤΛΟΣ ΚΑΙ ΔΗΛΩΣΗ ΥΠΕΥΘΥΝΟΤΗΤΑΣ
Τίτλος Financial Management and Policy / Third Edition
250 ## - EDITION STATEMENT
Edition statement 3rd
260 ## - PUBLICATION, DISTRIBUTION, ETC.
Name of publisher, distributor, etc. Prentice Hall Inc,
Date of publication, distribution, etc. 1974
300 ## - PHYSICAL DESCRIPTION
Extent 752
505 0# - FORMATTED CONTENTS NOTE
Formatted contents note Preface, Introduction, The Goals and Functions of Finance, Concepts in Valuation, Portfolio Theory and Efficient Market Considerations, Investment in Assets and Acceptance Criterion, Principles of Capital Budgeting, Cost of Capital, The Evaluation of Risky Investments, Financing and Dividend Policies, Theory of Capital Structure,Dividends and Valuation, Dividend Policy of the Firm, Long-Term Financing, Investment Banking and Common Stock, Long-Term Debt and Preferred Stock, Convertible Securities and Warrants, Management of Liquidity and Current Assets, Liquidity Structure of Assets and Liabilities, Management of Accounts Receivable, Inventory Management, Short and Intermediate - Term Financing, Short-Term Loans, Lease Financing, Expansion and Contraction, Mergers and Consolidations, The Tools of Financial Analysis and Control, Financial Ratio Analysis, Analysis of Operating and Financial Leverage, Appendixes, Index.
520 ## - SUMMARY, ETC.
Summary, etc. Preface, Introduction, The Goals and Functions of Finance, Concepts in Valuation, Portfolio Theory and Efficient Market Considerations, Investment in Assets and Acceptance Criterion, Principles of Capital Budgeting, Cost of Capital, The Evaluation of Risky Investments, Financing and Dividend Policies, Theory of Capital Structure,Dividends and Valuation, Dividend Policy of the Firm, Long-Term Financing, Investment Banking and Common Stock, Long-Term Debt and Preferred Stock, Convertible Securities and Warrants, Management of Liquidity and Current Assets, Liquidity Structure of Assets and Liabilities, Management of Accounts Receivable, Inventory Management, Short and Intermediate - Term Financing, Short-Term Loans, Lease Financing, Expansion and Contraction, Mergers and Consolidations, The Tools of Financial Analysis and Control, Financial Ratio Analysis, Analysis of Operating and Financial Leverage, Appendixes, Index.
700 1# - ΠΡΟΣΘΕΤΗ ΑΝΑΓΡΑΦΗ--ΦΥΣΙΚΟ ΠΡΟΣΩΠΟ
Personal name Van Horne James C
9 (RLIN) 1116
942 ## - ADDED ENTRY ELEMENTS (KOHA)
Koha item type Books
Holdings
Τύπος τεκμηρίου Βιβλιοθήκη Τρέχουσα τοποθεσία Barcode Αριθμός εισαγωγής Ημερομηνία απόκτησης Ταξιθετικό σύμβολο Αριθμός αντιτύπου Κατάσταση απόσυρσης Κατάσταση χαμένου Κατάσταση κατεστραμμένου Μη δανεισμός Σύνολο δανεισμών Ημερομηνία τελευταίας εμφάνισης Η τιμή ισχύει από
Books MC Athens Campus Library MC Athens Campus Library 9780000008268 1471 05/06/2025 658.1/5 HOR 1           05/06/2025 05/06/2025

MC Athens Campus Library
Πατησίων 94 & Κοδριγκτώνος 13, 104 34
Πελλήνης 8 & Πατησίων 107, 112 51
Τ: +30 210 8899600

MC Thessaloniki Campus Library
Ίωνος Δραγούμη 21, 54625 | Ίωνος Δραγούμη 15, 54625
Τ: +30 2310 287779 – Τ: +30 2314 440300